| 000 | 00438nam a22001457a 4500 | ||
|---|---|---|---|
| 005 | 20240807131113.0 | ||
| 008 | 240807b |||||||| |||| 00| 0 eng d | ||
| 041 | _aeng | ||
| 082 | _bNAG | ||
| 100 |
_aNagarkar Vaishnavi- 2K201073 & Dr. Prashant Mamarde-Guide _9208053 |
||
| 245 | _aCredit Evaluation of Loans and advances at Ajantha Urban Co-operative Bank Ltd. | ||
| 260 |
_aPune _bSPPU _cMarch-2022 |
||
| 300 | _a48p | ||
| 942 | _cPR | ||
| 999 |
_c359276 _d359276 |
||